Städte mit "P" - Statistiken

Allgemein
  • Dieses Quiz wurde 83 mal gespielt
  • Das Durchschnittsergebnis liegt bei 20 aus 61
Antwortstatistiken
Land Stadt % Korrekt
Portugal 🇵🇹 Porto
86%
Tschechien 🇨🇿 Prag
86%
Deutschland 🇩🇪 Potsdam
85%
Australien 🌏 Perth
82%
Panama 🇵🇦 Panama - Stadt
74%
China 🇨🇳 Peking
74%
Frankreich 🇫🇷 Paris
72%
Nordkorea 🇰🇵 Pjöngjang
68%
Deutschland 🇩🇪 Paderborn
66%
USA 🇺🇸 Philadelphia
60%
Deutschland 🇩🇪 Passau
58%
Italien 🇮🇹 Palermo
55%
Italien 🇮🇹 Pisa
55%
Kosovo 🇽🇰 Pristina
55%
Haiti 🇭🇹 Port-au-Prince
54%
Montenegro 🇲🇪 Podgorica
52%
Kambodscha 🇰🇭 Phnom Penh
51%
Deutschland 🇩🇪 Pforzheim
49%
Deutschland 🇩🇪 Plauen
49%
Südafrika 🇿🇦 Pretoria
49%
USA 🇺🇸 Pittsburgh
40%
Deutschland 🇩🇪 Pinneberg
38%
Italien 🇮🇹 Padua
37%
Trinidad & Tobago 🇹🇹 Port of Spain
35%
Tschechien 🇨🇿 Pilsen
34%
Großbritannien 🇬🇧 Plymouth
34%
Polen 🇵🇱 Posen
34%
Kap Verde Praia
34%
USA 🇺🇸 Portland
32%
Russland 🇷🇺 Perm
28%
Mauritius 🇲🇺 Port Louis
28%
Brasilien 🇧🇷 Porto Alegre
28%
Suriname 🇸🇷 Paramaribo
26%
Italien 🇮🇹 Parma
26%
Deutschland 🇩🇪 Pirna
26%
Papua-Neuguinea 🇵🇬 Port Moresby
26%
USA 🇺🇸 Phoenix
22%
Vanuatu 🇻🇺 Port Vila
20%
Benin 🇧🇯 Porto Novo
15%
Bulgarien 🇧🇬 Plowdiw
14%
Ungarn 🇭🇺 Pecs
12%
Italien 🇮🇹 Piacenza
12%
Mexiko 🇲🇽 Puebla
12%
Indien 🇮🇳 Pune
12%
Mikronesien 🇫🇲 Palikir
11%
Deutschland 🇩🇪 Papenburg
11%
Frankreich 🇫🇷 Pau
11%
Frankreich 🇫🇷 Perpignan
9%
Russland 🇷🇺 Petrosawodsk
6%
Indien 🇮🇳 Patna
2%
Italien 🇮🇹 Pompeji
2%
Finnland 🇫🇮 Pori
2%
Finnland 🇫🇮 Porvoo
2%
Deutschland 🇩🇪 Preetz
2%
Russland 🇷🇺 Pskow
2%
Deutschland 🇩🇪 Pulsnitz
2%
Deutschland 🇩🇪 Polch
0%
Slowakei 🇸🇰 Presov
0%
China 🇨🇳 Puning
0%
China 🇨🇳 Putian
0%
Malaysia 🇲🇾 Putrajaya
0%
Keine übereinstimmenden Quizze gefunden
Verteilung der Resultate
Anzahl Personen mit jedem Resultat
Perzentil nach korrekt beantworteten Fragen
Ihre Resultats-Entwicklung
Sie haben dieses Quiz noch nicht gespielt